| 000 | 00701cad a22002415a 4500 | ||
|---|---|---|---|
| 001 | L158745 | ||
| 008 | 121219e2015 xxk 000 0 eng d | ||
| 035 | _a(Sirsi) u158745 | ||
| 041 | 0 | _aeng | |
| 100 | 1 | _aParrett, Mike | |
| 245 | 0 | 0 | _aCauses, effects and solutions |
| 260 | _c2015 | ||
| 490 |
_aRICS Property Journal _vJuly-August 2015, 38-40(3) |
||
| 520 | _aLooks at problems caused by high local water tables and flooding. | ||
| 650 | 2 | 4 | _aFLOOD RISK |
| 650 | 2 | 4 | _aWATER TABLES |
| 650 | 2 | 4 | _aGROUNDWATER LEVELS |
| 650 | 2 | 4 | _aDAMP |
| 651 | 4 | _aUnited Kingdom | |
| 690 | _aBuilding materials and defects | ||
| 710 |
_aRoyal Institution of Chartered Surveyors _94900 |
||
| 942 |
_n0 _2ddc |
||
| 999 |
_c84679 _d84679 |
||